Piosenki zespołu Golec uOrkiestra - nagła śmierć - Statystyki

Ogólne statystyki
  • Ten quiz został rozwiązany 103 razy
  • Średni wynik to 6 z 8
Answers on the Grid
Answers color-coded by a green-red scale on the quiz's grid according to % correct below.
Ściernisko
Parostatek
Lornetka
Nie daj się
Do nieba, do piekła
Słodycze
Miłość mi wszystko wybaczy
Brathanki
Pędzą konie
Mniej niż zero
Crazy Is My Life
Nie płacz Ewka
Bo lato rozpala
Górą Ty
Radio Hello
Młody maj
 
Statystyki odpowiedzi
Odpowiedź % Poprawnych
Ściernisko
100%
Górą Ty
90%
Pędzą konie
90%
Crazy Is My Life
85%
Słodycze
83%
Lornetka
79%
Młody maj
57%
Bo lato rozpala
56%
Nie znaleziono quizów pasujących do podanych kryteriów
Rozkład punktacji
Procent ludzi z każdym wynikiem
Percentyl według liczby udzielonych odpowiedzi
Twoja historia wyników
Nie rozwiązałeś tego quizu